000 02485cam a2200409 i 4500
001 22161409
005 20260311140621.0
008 210802s2022 ilua bf 001 0 eng
010 _a 2021037212
020 _a9780880910576
_q(hardcover)
020 _z9780880911436
_q(ebook)
035 _a22161409
040 _aDLC
_beng
_erda
_cDLC
_dDLC
042 _apcc
050 0 0 _aRM217.2
_b.E83 2022
082 0 0 _a615.854
_bESC
100 1 _aEscott-Stump, Sylvia,
_eauthor.
_9111913
245 1 0 _aNutrition & diagnosis related care /
_cSylvia Escott-Stump, MA, RDN, LDN, FAND.
246 3 0 _aNutrition and diagnosis related care
250 _aNinth edition.
264 1 _aChicago, IL :
_bAcademy of Nutrition and Dietetics,
_c[2022]
300 _axv, 1299 pages :
_bcolor illustrations ;
_c29 cm
336 _atext
_btxt
_2rdacontent
337 _aunmediated
_bn
_2rdamedia
338 _avolume
_bnc
_2rdacarrier
504 _aIncludes bibliographical references and index.
520 _a"This authoritative go-to resource for students and clinical nutrition practitioners covers over 270 conditions in 16 sections. Each section provides an overview followed by essential evidence-based information on nutrition management of each condition. Nutrition therapy and practical guidance is presented in a unique style that is easy-to-navigate and implement in practice. Mini case studies throughout demonstrate application of the Nutrition Care Process and standardized language in a practical example. Comprehensive appendix material addresses basic nutrition principles, dietary supplements, laboratory data assessment, cultural competency, dietetics practice and quality standards, and much more"--
_cProvided by publisher.
546 _aIn English
650 0 _aDiet therapy
_vHandbooks, manuals, etc.
_9130343
650 0 _aNutrition disorders - Diet therapy.
_9133644
650 0 _aNutrition
_vHandbooks, manuals, etc.
_9130344
776 0 8 _iOnline version:
_aEscott-Stump, Sylvia.
_tNutrition and diagnosis related care
_bNinth edition.
_dChicago, IL : Academy of Nutrition and Dietetics, [2022]
_z9780880911436
_w(DLC) 2021037213
906 _a7
_bcbc
_corignew
_d1
_eecip
_f20
_gy-gencatlg
942 _2ddc
_cBK
999 _c614531
_d614531